00341nam a2200121Ia 4500008004100000020001500041041001200056100001700068245007200085260003800157300000900195650001500204221030s9999 xx 000 0 und d a8131518744 aEnglish aF. K. Reilly 0aAnalysis of Investments & Management of Portfolioscby F. K. Reilly bCengage LearningaNew Delhic2016 a1022 aManagement